[Event "Murmansk ChessMates 4th"]
[Site "Murmansk"]
[Date "2020.03.15"]
[Round "5.3"]
[White "Fougerat, Emma"]
[Black "Khmil, Fedor"]
[Result "1/2-1/2"]
[WhiteElo "1668"]
[BlackElo "1470"]
[PlyCount "58"]
[EventDate "2020.03.13"]
[EventType "team-tourn"]
[EventRounds "5"]
[EventCountry "RUS"]
[SourceTitle "CBM 195 Extra"]
[Source "ChessBase"]
[SourceDate "2020.05.31"]
[SourceVersion "1"]
[SourceVersionDate "2020.05.31"]
[SourceQuality "1"]
[WhiteTeam "Ile de France Youth"]
[BlackTeam "Murmansk CF"]
[WhiteTeamCountry "FRA"]
[BlackTeamCountry "RUS"]

1. c4 e5 2. g3 Nf6 3. Bg2 Nc6 4. Nc3 Bb4 5. Nf3 0-0 6. 0-0 d6 7. Rb1 Be6 8. d3 h6 9. Bd2 Re8 10. a3 Bc5 11. b4 Bb6 12. b5 Ne7 13. Na4 Qd7 14. Ra1 Bh3 15. Nxb6 axb6 16. a4 Bxg2 17. Kxg2 e4 18. Nd4 d5 19. Nc2 exd3 20. exd3 Qf5 21. Bc3 dxc4 22. dxc4 Rad8 23. Qc1 Rd3 24. Ne3 Qe4+ 25. Kg1 Ng4 26. Nxg4 Qxg4 27. Be5 c6 28. Qf4 Qh3 29. Qe4 Rd7 1/2-1/2

[Event "Murmansk ChessMates 4th"]
[Site "Murmansk"]
[Date "2020.03.14"]
[Round "4.2"]
[White "Chervyakova, Tatiana"]
[Black "Fougerat, Emma"]
[Result "1-0"]
[WhiteElo "1489"]
[BlackElo "1668"]
[PlyCount "121"]
[EventDate "2020.03.13"]
[EventType "team-tourn"]
[EventRounds "5"]
[EventCountry "RUS"]
[SourceTitle "CBM 195 Extra"]
[Source "ChessBase"]
[SourceDate "2020.05.31"]
[SourceVersion "1"]
[SourceVersionDate "2020.05.31"]
[SourceQuality "1"]
[WhiteTeam "Leningrad Region"]
[BlackTeam "Ile de France Youth"]
[WhiteTeamCountry "RUS"]
[BlackTeamCountry "FRA"]

1. e4 c5 2. d3 d6 3. Be2 Nf6 4. f4 g6 5. Nf3 Bg7 6. 0-0 0-0 7. c3 Nc6 8. Kh1 b5 9. Be3 b4 10. Qc2 Bb7 11. Nbd2 a5 12. a4 Qc7 13. d4 cxd4 14. cxd4 Rfc8 15. Qb3 Qd7 16. d5 Nb8 17. Bb5 Qc7 18. Nc4 Nbd7 19. Qd3 Nc5 20. Bxc5 Qxc5 21. Nfd2 Qc7 22. Rac1 h5 23. Nb3 Qd8 24. Nd4 Kf8 25. Nc6 Qc7 26. Nd4 Kg8 27. Rc2 Qd8 28. Rfc1 Ng4 29. h3 Nf6 30. Nc6 Bxc6 31. Bxc6 Rab8 32. Kh2 Nd7 33. Bxd7 Rxc4 34. Qxc4 Qxd7 35. Qc6 Qa7 36. Qc7 Qxc7 37. Rxc7 Bxb2 38. Rc8+ Rxc8 39. Rxc8+ Kg7 40. Ra8 Bc3 41. Rxa5 b3 42. Rb5 b2 43. a5 Bxa5 44. Rxb2 Bc3 45. Rc2 Bf6 46. Re2 e5 47. dxe6 fxe6 48. Rd2 Be7 49. g4 hxg4 50. hxg4 e5 51. fxe5 dxe5 52. Kg3 Bg5 53. Rf2 Bf4+ 54. Rxf4 exf4+ 55. Kxf4 Kf7 56. Kg5 Kg7 57. e5 Kf7 58. e6+ Kxe6 59. Kxg6 Ke7 60. Kg7 Ke6 61. g5 1-0

[Event "Murmansk ChessMates 4th"]
[Site "Murmansk"]
[Date "2020.03.14"]
[Round "3.2"]
[White "Fougerat, Emma"]
[Black "Khon, Ilya"]
[Result "1-0"]
[WhiteElo "1668"]
[BlackElo "1223"]
[PlyCount "55"]
[EventDate "2020.03.13"]
[EventType "team-tourn"]
[EventRounds "5"]
[EventCountry "RUS"]
[SourceTitle "CBM 195 Extra"]
[Source "ChessBase"]
[SourceDate "2020.05.31"]
[SourceVersion "1"]
[SourceVersionDate "2020.05.31"]
[SourceQuality "1"]
[WhiteTeam "Ile de France Youth"]
[BlackTeam "Novorossiysk"]
[WhiteTeamCountry "FRA"]
[BlackTeamCountry "RUS"]

1. c4 e6 2. g3 d5 3. Bg2 Nf6 4. Nf3 c5 5. cxd5 exd5 6. d4 h6 7. dxc5 Bxc5 8. 0-0 0-0 9. a3 Be6 10. b4 Bb6 11. Bb2 Nc6 12. Nbd2 Qe7 13. Nb3 Ne4 14. Nbd4 Rfd8 15. Rc1 a6 16. Nxc6 bxc6 17. Rxc6 Ba7 18. e3 Qb7 19. Rc1 Rac8 20. Nd4 Rxc1 21. Qxc1 Rc8 22. Qa1 Nd2 23. Rd1 Bxd4 24. Bxd4 Nb3 25. Qb2 Nxd4 26. Qxd4 Bg4 27. Qxg4 Rc3 28. Bxd5 1-0

[Event "Murmansk ChessMates 4th"]
[Site "Murmansk"]
[Date "2020.03.13"]
[Round "1.1"]
[White "Smirnova, Jekaterina"]
[Black "Fougerat, Emma"]
[Result "1/2-1/2"]
[WhiteElo "1439"]
[BlackElo "1668"]
[PlyCount "38"]
[EventDate "2020.03.13"]
[EventType "team-tourn"]
[EventRounds "5"]
[EventCountry "RUS"]
[SourceTitle "CBM 195 Extra"]
[Source "ChessBase"]
[SourceDate "2020.05.31"]
[SourceVersion "1"]
[SourceVersionDate "2020.05.31"]
[SourceQuality "1"]
[WhiteTeam "Estonia Maletaht"]
[BlackTeam "Ile de France Youth"]
[WhiteTeamCountry "EST"]
[BlackTeamCountry "FRA"]

1. c4 c5 2. Nc3 Nf6 3. Nf3 g6 4. d3 Bg7 5. e4 d6 6. Be2 0-0 7. 0-0 Nc6 8. Be3 a6 9. h3 Rb8 10. a4 Bd7 11. Qd2 Re8 12. Nh4 Na5 13. Bd1 Nc6 14. f4 e6 15. Nf3 Qc7 16. Kh1 Nb4 17. e5 Nh5 18. Kg1 Ng3 19. Re1 Nf5 1/2-1/2

[Event "FRA-ch U12 Girls"]
[Site "Hyeres"]
[Date "2019.04.15"]
[Round "3"]
[White "Brion, Frederika"]
[Black "Fougerat, Emma"]
[Result "1/2-1/2"]
[WhiteElo "1351"]
[BlackElo "1585"]
[PlyCount "84"]
[EventDate "2019.04.14"]
[EventType "swiss"]
[EventRounds "9"]
[EventCountry "FRA"]
[SourceTitle "CBM 190 Extra"]
[Source "ChessBase"]
[SourceDate "2019.07.15"]
[SourceVersion "1"]
[SourceVersionDate "2019.07.15"]
[SourceQuality "1"]

1. e4 c5 2. Nc3 d6 3. f4 g6 4. Nf3 Bg7 5. Bc4 a6 6. a4 Nf6 7. 0-0 0-0 8. d3 Nc6 9. Qe1 Rb8 10. f5 gxf5 11. Qh4 fxe4 12. dxe4 Be6 13. Bxe6 fxe6 14. Bh6 Nd4 15. Ng5 Bxh6 16. Qxh6 Rf7 17. Nxf7 Kxf7 18. Qxh7+ Ke8 19. Qh8+ Kd7 20. Qxd8+ Rxd8 21. Rac1 b5 22. axb5 axb5 23. Rfe1 Rg8 24. Kh1 Ng4 25. h3 Rh8 26. Kg1 Ne5 27. Ne2 Ndc6 28. Ng3 Rg8 29. Kh2 b4 30. b3 Nd4 31. Re3 Rh8 32. Kg1 Rg8 33. Kf2 c4 34. Ke1 c3 35. Kf2 Rf8+ 36. Ke1 Rg8 37. Kd1 Rf8 38. Ke1 Rg8 39. Kf2 Rf8+ 40. Ke1 Rg8 41. Kf2 Rf8+ 42. Ke1 Rg8 1/2-1/2

[Event "Gibraltar U12 op"]
[Site "Caleta"]
[Date "2017.08.18"]
[Round "2"]
[White "Jamroz, Viktor"]
[Black "Fougerat, Emma"]
[Result "1-0"]
[WhiteElo "1587"]
[BlackElo "1211"]
[PlyCount "41"]
[EventDate "2017.08.18"]
[EventType "swiss"]
[EventRounds "6"]
[EventCountry "GGB"]
[SourceTitle "CBM 180 Extra"]
[Source "ChessBase"]
[SourceDate "2017.10.06"]
[SourceVersion "1"]
[SourceVersionDate "2017.10.06"]
[SourceQuality "1"]

1. e4 d6 2. d4 Nf6 3. Nc3 Nbd7 4. f4 e6 5. Nf3 c6 6. Bd3 Qc7 7. 0-0 Be7 8. Bd2 0-0 9. e5 Nd5 10. Nxd5 cxd5 11. Kh1 b6 12. Qe1 a5 13. Qg3 Ba6 14. Bxa6 Rxa6 15. f5 g6 16. f6 Bd8 17. Qg5 Kh8 18. Qh6 Rg8 19. Ng5 Nf8 20. Rf3 dxe5 21. Rh3 1-0